00000000nam##2200000za#4500
0019.632669
003CaOODSP
00520210624214932
007cr |||||||||||
008150407|2006||||xxc|||||o    f|0| 0 fre|d
020 |a0-662-71519-5
040 |aCaOODSP|bfre
043 |an-cn---
0861 |aCH24-14/2006F-PDF
1101 |aCanada.|bPatrimoine canadien. |bSport Canada.
24513|aLa politique sur le sport pour les personnes ayant un handicap |h[ressource électronique]
260 |aOttawa - Ontario : |bPatrimoine canadien. |c2006.
300 |a21p.|bfigure, glossaire, références
500 |aLe n° de catalogue (CH24-14/2006) et l’ISBN (0-662-49084-3) de l'édition imprimée bilingue ont été incorrectement copiés dans l’édition électronique.
5203 |aCette politique cadre explique comment divers partenaires et intervenants du milieu du sport et de l’activité physique au Canada peuvent réduire, voire éliminer, les obstacles auxquels se heurtent les personne ayant un handicap en matière sportive. Elle renferme un énoncé de vision, des objectifs et des stratégies ainsi qu’une explication des obstacles de nature environnementale, structurelle, systémique, sociale et personnelle qui empêchent ces personnes de participer pleinement à la société canadienne. Comprend un glossaire.
590 |a07-06|b2007-02-09
69107|aPersonne handicapée|2gcpds
69107|aSport|2gcpds
77508|tPolicy on sport for persons with a disability |w(CaOODSP)9.688237
7760#|tPolicy on sport for persons with a disability |w(CaOODSP)9.667451
7760#|tLa politique sur le sport pour les personnes ayant un handicap |w(CaOODSP)9.667452
85640|ahttp://publications.gc.ca|qPDF|s298 Ko|uhttps://publications.gc.ca/collections/Collection/CH24-14-2006F.pdf